00948cam a22002894a 4500999001900000001000900019003000500028005001700033008004100050010001700091020001800108040001300126050002100139082001600160100002500176245005800201250001200259260005200271300003200323500000800355504006600363650003000429700002600459906004500485942001800530952011000548 c332112d33211216003410NUST20171113130159.0091201s2009 enka b 001 0 eng  a 2009497310 a9781847558787 aDLCcDLC00aTD430b.B52 2009 a628.162 BIN1 aBinnie, Chris.9632410aBasic water treatment /cChris Binnie, Martin Kimber. a4th ed. aCambridge :bRoyal Society of Chemistry,c2009. ax, 318 p. :bill. ;c22 cm. aP.B aIncludes bibliographical references (p. [301]-308) and index. 0aWaterxPurification.92641 aKimber, Martin.96325 a7bcbccorigcopd2encipf20gy-gencatlg 2ddccBKkIESE 00102ddc40708NFICaIESEbIESEcGENd2017-11-13l0o628.162 BINpIESE-1854r2017-11-13w2017-11-13yBK